| 000 | 01210cam a2200349 a 4500 | ||
|---|---|---|---|
| 999 |
_c173086 _d173086 |
||
| 001 | 1021109 | ||
| 003 | Nust | ||
| 005 | 20180713112418.0 | ||
| 008 | 880728s1988 nyu 000 1 eng | ||
| 010 | _a 88024345 | ||
| 020 |
_a9781853811265 _cRs. 540 |
||
| 038 | _aArshad | ||
| 040 |
_aDLC _cDLC _dDLC _dOCoLC _dDLC |
||
| 043 | _an-cn--- | ||
| 050 | 0 | 0 |
_aPR9199.3.A8 _bC38 1988 |
| 082 | 0 | 0 |
_a813.54 _bATW |
| 100 | 1 |
_aAtwood, Margaret, _d1939- _911630 |
|
| 245 | 1 | 0 |
_aCat's eye / _cMargaret Atwood. |
| 250 | _a1st ed. | ||
| 260 |
_aNew York : _bDoubleday, _c1988. |
||
| 300 |
_a498 p. ; _c24 cm. |
||
| 650 | 0 |
_aWomen painters _xFiction. _911635 |
|
| 650 | 0 |
_aFriendship _xFiction. _911636 |
|
| 650 | 0 |
_aGirls _xFiction. _98252 |
|
| 651 | 0 |
_aToronto (Ont.) _xFiction. _911637 |
|
| 655 | 7 |
_aPsychological fiction. _2lcsh _9953 |
|
| 856 | 4 | 2 |
_3Contributor biographical information _uhttp://www.loc.gov/catdir/bios/random056/88024345.html |
| 856 | 4 | 2 |
_3Publisher description _uhttp://www.loc.gov/catdir/description/random048/88024345.html |
| 906 |
_a7 _bcbc _corignew _d1 _eocip _f19 _gy-gencatlg |
||
| 942 |
_2ddc _cBK |
||